| 000 | 00473nam a22001937a 4500 | ||
|---|---|---|---|
| 003 | MPLRDC | ||
| 005 | 20220104193426.0 | ||
| 008 | 210129b ||||| |||| 00| 0 eng d | ||
| 020 | _a978-986-6041-78-5 | ||
| 082 | _a424.4 GJH | ||
| 100 | _a顾景慧 | ||
| 245 |
_a亲手做面膜 _c |
||
| 250 | _a初版 | ||
| 260 |
_a台湾 _b和平国际文化有限公司 _c2013 |
||
| 300 | _b平 | ||
| 490 | _aLOHAS过生活: 17 | ||
| 650 | _a化妆品 | ||
| 942 |
_cBK _o424.4 GJH |
||
| 999 |
_c65193 _d65183 |
||